[Event "Pardubice Region-chT 2223"]
[Site "Czech Republic"]
[Date "2022.11.13"]
[Round "3.3"]
[White "Kraus, Ondrej"]
[Black "Holasek, Vojtech"]
[Result "1/2-1/2"]
[WhiteElo "1989"]
[BlackElo "1862"]
[PlyCount "110"]
[EventDate "2022.10.09"]
[EventType "team-tourn"]
[EventRounds "11"]
[EventCountry "CZE"]
[SourceTitle "EXT 2024"]
[Source "ChessBase"]
[SourceDate "2023.10.10"]
[SourceVersion "1"]
[SourceVersionDate "2023.10.10"]
[SourceQuality "1"]

1. d4 d5 2. c4 c6 3. Nf3 Nf6 4. e3 Bg4 5. Qb3 Qb6 6. Ne5 Be6 7. Nc3 g6 8. Qxb6 axb6 9. cxd5 Nxd5 10. Nxd5 Bxd5 11. Bc4 Bxc4 12. Nxc4 Nd7 13. Bd2 Bg7 14. 0-0 0-0 15. a3 c5 16. Rad1 b5 17. Na5 b6 18. Nc6 Rfe8 19. Bc1 Nb8 20. Nxb8 Rexb8 21. dxc5 bxc5 22. Rd5 c4 23. Rfd1 h5 24. e4 b4 25. axb4 Rxb4 26. e5 Rab8 27. f4 f6 28. f5 gxf5 29. e6 R4b6 30. Re1 Rb5 31. Rd7 Re8 32. Rc7 Re5 33. Kf2 Kh7 34. Rxc4 Bh6 35. Bf4 Bxf4 36. Rxf4 Rxe1 37. Kxe1 Rb8 38. Rxf5 Rxb2 39. Rxh5+ Kg6 40. Ra5 Rxg2 41. Ra7 Rxh2 42. Rxe7 Kf5 43. Re8 Rh7 44. Kf2 Ra7 45. Ke3 Ke5 46. Kf3 Rc7 47. Ke3 Ra7 48. Rb8 Ra3+ 49. Kf2 Kxe6 50. Rb6+ Ke5 51. Rb5+ Kf4 52. Rb4+ Kg5 53. Rb8 f5 54. Rb4 Rc3 55. Ra4 Rb3 1/2-1/2

[Event "Hradec Kralove op 11th"]
[Site "Hradec Kralove"]
[Date "2022.11.12"]
[Round "9"]
[White "Gorkiewicz, Mateusz"]
[Black "Kraus, Ondrej"]
[Result "1/2-1/2"]
[WhiteElo "2028"]
[BlackElo "1992"]
[PlyCount "119"]
[EventDate "2022.11.05"]
[EventType "swiss"]
[EventRounds "9"]
[EventCountry "CZE"]
[SourceTitle "CBM 211 Extra"]
[Source "ChessBase"]
[SourceDate "2023.01.31"]
[SourceVersion "1"]
[SourceVersionDate "2023.01.31"]
[SourceQuality "1"]

1. e4 c5 2. Nf3 e6 3. d4 cxd4 4. Nxd4 d6 5. Nc3 Nf6 6. Bd3 Be7 7. 0-0 0-0 8. Kh1 Re8 9. f4 Nc6 10. Nxc6 bxc6 11. e5 Nd5 12. Ne4 f5 13. exd6 Bf8 14. Ng5 h6 15. Nf3 Bxd6 16. Nd4 Qc7 17. Qf3 a6 18. Bd2 Bb7 19. Bc4 Qf7 20. Nb3 Rad8 21. Qf2 Nf6 22. Ba5 Ne4 23. Qe3 Rd7 24. Rad1 g5 25. fxg5 Qh5 26. Rxd6 Rxd6 27. Nc5 Nxc5 28. Qxc5 Rd1 29. Qxf5 Rxf1+ 30. Qxf1 Qxg5 31. Bc3 c5 32. h3 Qg3 33. Kg1 Be4 34. Be1 Qg6 35. c3 a5 36. Kh2 Kh7 37. Bg3 Rg8 38. Qf4 Rg7 39. Qd6 Bd5 40. Be2 Qc2 41. Bf1 Qd1 42. Qf4 c4 43. Bxc4 Bxc4 44. Qxc4 Qd5 45. Qe2 Qf5 46. b3 e5 47. Qxe5 Qxe5 48. Bxe5 Re7 49. Bd4 Re2 50. Bb6 Rxa2 51. c4 Kg6 52. c5 Kf7 53. Kg3 Rb2 54. Bxa5 Rxb3+ 55. Kf4 Rb5 56. Bb6 Kf6 57. Ke4 Ke6 58. Kd4 Rb2 59. g3 Rb3 60. Bc7 1/2-1/2

[Event "Pardubice Czech op-B"]
[Site "Pardubice"]
[Date "2020.09.26"]
[Round "7"]
[White "Kraus, Ondrej"]
[Black "Terpstra, Wiep"]
[Result "1/2-1/2"]
[WhiteElo "1990"]
[BlackElo "1783"]
[PlyCount "64"]
[EventDate "2020.09.21"]
[EventType "swiss"]
[EventRounds "9"]
[EventCountry "CZE"]
[SourceTitle "CBM 198 Extra"]
[Source "ChessBase"]
[SourceDate "2020.11.30"]
[SourceVersion "1"]
[SourceVersionDate "2020.11.30"]
[SourceQuality "1"]

1. d4 d6 2. Nf3 Nf6 3. c4 g6 4. Nc3 Bg7 5. e4 0-0 6. Be2 e5 7. dxe5 dxe5 8. Qxd8 Rxd8 9. Bg5 Re8 10. h3 c6 11. Be3 b6 12. Rc1 Na6 13. Nd2 Bb7 14. g4 Rad8 15. h4 Nb4 16. a3 Nd3+ 17. Bxd3 Rxd3 18. Ke2 Rdd8 19. f3 Nd7 20. b4 Nf8 21. b5 Ne6 22. bxc6 Bxc6 23. Nd5 f6 24. h5 Kf7 25. hxg6+ hxg6 26. a4 Rh8 27. a5 Rxh1 28. Rxh1 bxa5 29. Ra1 a4 30. Nb1 Bf8 31. Nbc3 Bc5 32. Nxa4 Bxe3 1/2-1/2

[Event "Hradec Kralove op 10th"]
[Site "Hradec Kralove"]
[Date "2019.10.29"]
[Round "5"]
[White "Horak, Jan"]
[Black "Kraus, Ondrej"]
[Result "1-0"]
[WhiteElo "2050"]
[BlackElo "1918"]
[PlyCount "57"]
[EventDate "2019.10.26"]
[EventType "swiss"]
[EventRounds "9"]
[EventCountry "CZE"]
[SourceTitle "CBM 193 Extra"]
[Source "ChessBase"]
[SourceDate "2020.01.31"]
[SourceVersion "1"]
[SourceVersionDate "2020.01.31"]
[SourceQuality "1"]

1. e4 c5 2. Nc3 Nc6 3. f4 e6 4. Nf3 Nge7 5. g3 d6 6. Bg2 g6 7. 0-0 Bg7 8. d3 Rb8 9. Ne2 Bd7 10. c3 b5 11. Be3 Qc7 12. Qd2 0-0 13. Rac1 Rfd8 14. h3 Re8 15. Rfd1 Rbd8 16. Bf2 Nc8 17. d4 N6e7 18. Nh2 Bc6 19. g4 Qb7 20. Ng3 cxd4 21. cxd4 Nb6 22. b3 Rc8 23. g5 h5 24. gxh6 Bxh6 25. Be3 Qd7 26. Ng4 Bg7 27. d5 Bxd5 28. Bxb6 Rxc1 29. Rxc1 1-0

[Event "Hradec Kralove op 10th"]
[Site "Hradec Kralove"]
[Date "2019.10.27"]
[Round "2"]
[White "Sorm, Daniel"]
[Black "Kraus, Ondrej"]
[Result "1-0"]
[WhiteElo "2303"]
[BlackElo "1918"]
[PlyCount "93"]
[EventDate "2019.10.26"]
[EventType "swiss"]
[EventRounds "9"]
[EventCountry "CZE"]
[SourceTitle "CBM 193 Extra"]
[Source "ChessBase"]
[SourceDate "2020.01.31"]
[SourceVersion "1"]
[SourceVersionDate "2020.01.31"]
[SourceQuality "1"]

1. d4 Nf6 2. c4 e5 3. dxe5 Ng4 4. Bf4 Nc6 5. Nf3 Bb4+ 6. Nbd2 Qe7 7. e3 Ngxe5 8. Nxe5 Nxe5 9. Be2 0-0 10. 0-0 a5 11. Nb3 a4 12. Nd4 d6 13. Rc1 Bd7 14. Qc2 b6 15. Bg3 g6 16. Kh1 a3 17. b3 Rae8 18. Rcd1 f5 19. Qc1 Nc6 20. Nb5 f4 21. Nxc7 fxg3 22. hxg3 Bf5 23. Nd5 Qd8 24. Nxb4 Nxb4 25. Qxa3 Nc2 26. Qxd6 Qxd6 27. Rxd6 Re6 28. Rfd1 Nb4 29. a3 Na2 30. Rxe6 Bxe6 31. Rd6 Rxf2 32. Bf3 Bf7 33. Rxb6 Nc1 34. a4 Ra2 35. Bd5 Bxd5 36. cxd5 Nd3 37. d6 Ra1+ 38. Kh2 Nf2 39. g4 Nxg4+ 40. Kg3 Ne5 41. Kf4 Nf7 42. e4 Rf1+ 43. Ke3 Rd1 44. a5 Rxd6 45. Rxd6 Nxd6 46. a6 Kf7 47. a7 1-0

[Event "Pardubice Czech op-J 29th"]
[Site "Pardubice"]
[Date "2018.07.17"]
[Round "6"]
[White "Kraus, Ondrej"]
[Black "Shkuran, Danylo"]
[Result "0-1"]
[WhiteElo "1965"]
[BlackElo "2381"]
[PlyCount "92"]
[EventDate "2018.07.13"]
[EventType "swiss"]
[EventRounds "7"]
[EventCountry "CZE"]
[SourceTitle "EXT 2019"]
[Source "ChessBase"]
[SourceDate "2018.10.10"]
[SourceVersion "1"]
[SourceVersionDate "2018.10.10"]
[SourceQuality "1"]

1. e4 c5 2. Nf3 e6 3. d4 cxd4 4. Nxd4 a6 5. Be3 Nf6 6. Bd3 Nc6 7. 0-0 Qc7 8. Nd2 Be7 9. f4 d6 10. Kh1 0-0 11. c3 e5 12. Ne2 exf4 13. Nxf4 Ne5 14. Bc2 Bd7 15. Nd5 Nxd5 16. exd5 Bb5 17. Rf2 Nd3 18. Rf3 Ne5 19. Rf2 g6 20. Ne4 f5 21. Ng5 Bxg5 22. Bxg5 Qc5 23. Qg1 Rae8 24. Rd1 Kg7 25. Rd4 Ng4 26. Rfd2 h6 27. Bh4 g5 28. Bf2 Nxf2+ 29. Qxf2 Re5 30. a4 Rfe8 31. h3 Re1+ 32. Kh2 Rf1 33. axb5 Rxf2 34. Rxf2 f4 35. bxa6 bxa6 36. Bd3 Re1 37. Rf1 Rxf1 38. Bxf1 a5 39. Bc4 Qb6 40. b3 Qc5 41. Re4 Qf2 42. Bb5 f3 43. Rg4 Qc5 44. Bf1 f2 45. c4 Qe3 46. g3 h5 0-1

[Event "Pardubice Czech op-C 28th"]
[Site "Pardubice"]
[Date "2017.07.29"]
[Round "9"]
[White "Hasenbank, Dirk"]
[Black "Kraus, Ondrej"]
[Result "1-0"]
[WhiteElo "1918"]
[BlackElo "2022"]
[PlyCount "79"]
[EventDate "2017.07.22"]
[EventType "swiss"]
[EventRounds "9"]
[EventCountry "CZE"]
[SourceTitle "CBM 179 Extra"]
[Source "ChessBase"]
[SourceDate "2017.08.23"]
[SourceVersion "1"]
[SourceVersionDate "2017.08.23"]
[SourceQuality "1"]

1. Nf3 d5 2. d4 Nf6 3. c4 c6 4. g3 e6 5. Bg2 Be7 6. 0-0 0-0 7. Nc3 dxc4 8. Ne5 Nbd7 9. Nxc4 Nb6 10. Ne5 Nfd5 11. Ne4 Bf6 12. Nxf6+ Qxf6 13. e4 Nc7 14. h4 Qe7 15. a4 Rd8 16. a5 Nd7 17. Qg4 f6 18. Nc4 e5 19. d5 Nc5 20. Qe2 cxd5 21. exd5 Nxd5 22. Ne3 Nc7 23. Bd2 Nb3 24. Rad1 Nd4 25. Qe1 Na6 26. Bc3 Bh3 27. Nd5 Qf7 28. Ne3 Bxg2 29. Kxg2 Rd7 30. Ng4 Rad8 31. f4 Qd5+ 32. Kh3 Qe6 33. h5 Qf5 34. fxe5 Qxh5+ 35. Kg2 Qxg4 36. exf6 Qe2+ 37. Qxe2 Nxe2 38. f7+ Kf8 39. Rxd7 Rxd7 40. Bxg7+ 1-0

[Event "Pardubice Czech op-C 28th"]
[Site "Pardubice"]
[Date "2017.07.22"]
[Round "1"]
[White "Kraus, Ondrej"]
[Black "Faltynek, David"]
[Result "1-0"]
[WhiteElo "2022"]
[BlackElo "1672"]
[PlyCount "61"]
[EventDate "2017.07.22"]
[EventType "swiss"]
[EventRounds "9"]
[EventCountry "CZE"]
[SourceTitle "CBM 179 Extra"]
[Source "ChessBase"]
[SourceDate "2017.08.23"]
[SourceVersion "1"]
[SourceVersionDate "2017.08.23"]
[SourceQuality "1"]

1. c4 e6 2. d4 c5 3. Nc3 Nf6 4. Nf3 cxd4 5. Nxd4 Bb4 6. Ndb5 0-0 7. Qb3 Nc6 8. Be3 a6 9. Nd4 Ng4 10. Nxc6 Bxc3+ 11. Qxc3 dxc6 12. Bd4 Qg5 13. h4 Qf5 14. f3 Nf6 15. e4 Qg6 16. 0-0-0 Nd7 17. h5 Qg5+ 18. Be3 Qf6 19. Qxf6 Nxf6 20. h6 g6 21. Rd6 Ne8 22. Rd2 Nf6 23. Bg5 Nd7 24. c5 f6 25. Be3 e5 26. Bc4+ Kh8 27. Rhd1 f5 28. Rxd7 Bxd7 29. Rxd7 Rab8 30. Re7 Rfc8 31. Rxe5 1-0

[Event "CZE-chT2D 1415"]
[Site "Czech Republic"]
[Date "2014.11.02"]
[Round "1.7"]
[White "Kraus, Ondrej"]
[Black "Indrak, Igor"]
[Result "1-0"]
[WhiteElo "2022"]
[BlackElo "2126"]
[PlyCount "131"]
[EventDate "2014.11.02"]
[EventType "team-tourn"]
[EventRounds "11"]
[EventCountry "CZE"]
[SourceTitle "EXT 2022"]
[Source "ChessBase"]
[SourceDate "2021.10.06"]
[SourceVersion "1"]
[SourceVersionDate "2021.10.06"]
[SourceQuality "1"]
[WhiteTeam "Pardubice AKIS"]
[BlackTeam "Jicin II"]
[WhiteTeamCountry "CZE"]
[BlackTeamCountry "CZE"]

1. e4 e6 2. Nc3 b6 3. d4 Bb7 4. Be3 Nf6 5. f3 Bb4 6. Nge2 d6 7. a3 Bxc3+ 8. Nxc3 Nbd7 9. Qd2 Qe7 10. Nb5 Qd8 11. Qc3 0-0 12. Qxc7 Qxc7 13. Nxc7 Rac8 14. Nb5 Rxc2 15. Nxd6 Ba8 16. b4 Rc6 17. Nc4 Rfc8 18. Nd2 Rc1+ 19. Rxc1 Rxc1+ 20. Kf2 Ra1 21. Nc4 b5 22. Na5 a6 23. Rg1 Rxa3 24. Be2 Rc3 25. Bd2 Rc2 26. Ke3 Kf8 27. Kd3 Rc8 28. Be3 Ke8 29. g4 Nb6 30. Rc1 Rxc1 31. Bxc1 Nfd7 32. Kc3 Nb8 33. Nb3 Na4+ 34. Kd3 Nc6 35. Bd2 Nb8 36. Bf4 Nd7 37. Ke3 Kd8 38. Bd6 Bb7 39. Nc5 Naxc5 40. dxc5 Bc6 41. Bd3 e5 42. g5 f6 43. gxf6 gxf6 44. Bc2 Ke8 45. Bb3 Bb7 46. f4 Bc8 47. Bd5 exf4+ 48. Kxf4 Nf8 49. Bc6+ Kf7 50. Ke3 Ne6 51. Ba8 Ke8 52. c6 Kd8 53. Bb7 h6 54. Kd3 h5 55. h4 Ng7 56. Kd4 f5 57. exf5 Nxf5+ 58. Kc5 Nxh4 59. Kb6 Be6 60. c7+ Ke8 61. Bc6+ Kf7 62. Bd5 Bxd5 63. c8Q Bc4 64. Qf8+ Kg6 65. Be5 Bf7 66. Qg7+ 1-0

[Event "CZE-chT2D 1213"]
[Site "Czech Republic"]
[Date "2013.03.24"]
[Round "11.7"]
[White "Simek, Zdenek"]
[Black "Kraus, Ondrej"]
[Result "1/2-1/2"]
[WhiteElo "1873"]
[BlackElo "2031"]
[PlyCount "28"]
[EventDate "2012.10.14"]
[EventType "team-tourn"]
[EventRounds "11"]
[EventCountry "CZE"]
[SourceTitle "EXT 2016"]
[Source "ChessBase"]
[SourceDate "2015.10.08"]
[SourceVersion "1"]
[SourceVersionDate "2015.10.08"]
[SourceQuality "1"]
[WhiteTeam "Ceska Trebova"]
[BlackTeam "Pardubice Rapid II"]
[WhiteTeamCountry "CZE"]
[BlackTeamCountry "CZE"]

1. d4 Nf6 2. Nf3 e6 3. c4 c6 4. Bf4 d5 5. e3 Nbd7 6. Nc3 Qa5 7. Qc2 Bb4 8. a3 Ne4 9. Rc1 Bxc3+ 10. bxc3 Qxa3 11. Bd3 b5 12. cxb5 cxb5 13. Bxb5 Ba6 14. Bxa6 Qxa6 1/2-1/2